Diccionario de símbolos (Registro nro. 31661)
[ vista simple ]
| 000 -LÍDER | |
|---|---|
| Campo fijo de descripción fija | 006950000a22002650004500 |
| 001 - NÚMERO DE CONTROL | |
| Campo de control | 110 |
| 003 - IDENTIFICADOR DEL NÚMERO DE CONTROL | |
| Campo de control | CO-MdFUSB |
| 005 - FECHA Y HORA DE LA ULTIMA TRANSACCIÓN | |
| control field | 20160531091318.0 |
| 008 - ELEMENTOS DE LONGITUD FIJA -- INFORMACIÓN GENERAL | |
| Campo fijo de descripción fija -- Información general | 160531t1995 sp bcdef |||| 00| 0 spa d |
| 020 ## - NÚMERO INTERNACIONAL NORMALIZADO PARA LIBROS | |
| Número Internacional Normalizado del libro | 84-335-3504-8 |
| 040 ## - FUENTE DE CATALOGACIÓN | |
| Agencia de catalogación original | CO-MdFUSB |
| Idioma de catalogación | Español |
| Agencia que realiza la transcripción | CO-MdFUSB |
| Agencia que realiza la modificación | CO-MdFUSB |
| 041 0# - CÓDIGO DE IDIOMA | |
| Código de idioma para texto/pista de sonido o título separado | spa |
| 082 04 - NÚMERO DE CLASIFICACIÓN DECIMAL DEWEY | |
| Número de clasificación | R 220.64 C5788d |
| 100 1# - ASIENTO PRINCIPAL--NOMBRE PERSONAL | |
| Nombre personal | Cirlot, Juan-Eduardo |
| 245 10 - TÍTULO | |
| Título del Material | Diccionario de símbolos |
| Mención de responsabilidad, etc. | / Juan-Eduardo Cirlot |
| 250 ## - MENCIÓN DE EDICIÓN | |
| Mención de edición | 11 |
| 264 ## - PRODUCCIÓN, PUBLICACIÓN, DISTRIBUCIÓN, MANUFACTURA, Y COPYRIGHT | |
| Lugar de producción, publicación, distribución, manufactura | Bogotá, Colombia |
| Nombre del productor, publicador, distribuidor | : Labor, |
| Fecha de producción, publicación, distribución, manufactura, o copyright | 1995 |
| 300 ## - DESCRIPCIÓN FÍSICA | |
| Extensión | 473 Pag |
| 336 ## - TIPO DE CONTENIDO | |
| Fuente | rdacontent |
| Término de tipo de contenido | |
| Código de tipo de contenido | |
| 337 ## - TIPO DE MEDIO | |
| Fuente | rdamedia |
| Nombre del tipo de medio | |
| Código del tipo de medio | |
| 338 ## - TIPO DE SOPORTE | |
| Fuente | rdacarrier |
| Nombre del tipo de soporte | |
| Código Tipo de soporte | |
| 505 ## - NOTA DE CONTENIDO | |
| Nota de contenido con formato preestablecido | 1. Símbolo 2. Historia |
| 653 ## - TÉRMINO DE INDIZACIÓN - NO CONTROLADO | |
| Término no controlado | SIMBOLISMO |
| 942 ## - TIPO DE MATERIAL (KOHA) | |
| Tipo de Item KOHA | Libros General |
| Estado de Material | Estado de Perdido | Estado de Dañado | No para Préstamo | Colección | Tomo | Biblioteca de Origen | Biblioteca Permanente | Fecha de Adquisición | Total de Préstamos | Signatura Topográfica | Código de Barras | Última vez visto | Última vez Préstado | Ejemplar/Existencia | Fecha de Remplazo | Tipo de Material |
|---|---|---|---|---|---|---|---|---|---|---|---|---|---|---|---|---|
| Colección de Referencia | Biblioteca FUSBC | Biblioteca FUSBC | 25/08/2004 | 1 | R 220.64 C5788d | 7973 | 11/04/2026 | 18/05/2019 | 1 | 26/01/2016 | Libros de Referencia |
